| 000 | 00563nam a2200205 u 4500 | ||
|---|---|---|---|
| 005 | 20240816063735.0 | ||
| 008 | 170817s2016 mx r 000 0 spa d | ||
| 020 | _a9786078276240 | ||
| 035 | _aUPN01000219748 | ||
| 049 | _aCG | ||
| 050 | 4 |
_aPN6108 _bC5.6 |
|
| 245 | 0 | 0 |
_a54 poemas sobre la casa / _ced. Victor Manuel Mendiola. |
| 260 |
_aMéxico : _bFOVISSSTE, _c2016. |
||
| 300 | _a185 p. | ||
| 440 | 0 | _aPoesía | |
| 650 | 2 |
_aPoesía _vColecciones _91214 |
|
| 700 | 1 |
_aMendiola, Víctor Manuel, _d1954- _eed. _939906 |
|
| 905 | _aLibro | ||
| 999 |
_c191847 _d191847 |
||